| 000 | 00451nam a2200169 i 4500 | ||
|---|---|---|---|
| 001 | 44106 | ||
| 003 | ES-MaACL | ||
| 005 | 20230906160945.0 | ||
| 007 | t| | ||
| 008 | 030320q1930 sp |||| | spa d | ||
| 080 | _a821.134.2-34"19" | ||
| 100 | 1 |
_aCirre, José. _9151207 |
|
| 245 | 1 | 0 |
_aLeyendas de mar y tierra / _cJosé Cirre. |
| 260 |
_a[Almería : _bs.n., _cca. 1930] ( _fImp. Iberia) |
||
| 300 |
_a190 p. ; _c16 cm. |
||
| 852 | 4 |
_aES-MaACL _jC-8055 |
|
| 999 |
_c44106 _d44106 |
||